000 00269nam a2200097 a 4500
008 111128s2010|||| d
245 1 0 _aBieszczadzkie Gminy Pogranicza
260 _bPokarpacki Instytut Ksiazki i Marketingu
_aRzesow
_c2010
020 _c100
044 _axo
_cSK
999 _c19894
_d19894